Avances en innovación agraria: síntesis de iniciativas impulsadas por FIA 1999-2004

Gespeichert in:
Bibliographische Detailangaben
Körperschaft: Fundación para la Innovación Agraria (VerfasserIn)
Format: Buch
Sprache:Spanisch
Veröffentlicht: Santiago Ministerio de Agricultura 2006
Schlagworte:
Tags: Tag hinzufügen
Keine Tags, Fügen Sie den ersten Tag hinzu!

MARC

LEADER 00000nam a2200000 a 4500
001 UCI6411
003 CL-VaPUC
008 080509e20060000CL |||||||||||||||||spa|d
020 |a 956787462X 
082 0 4 |a 630.0724  |b FUN  |2 21 
110 2 |a Fundación para la Innovación Agraria  |e author  |9 529320 
245 1 0 |a Avances en innovación agraria: síntesis de iniciativas impulsadas por FIA 1999-2004 
300 |a 635 p 
942 |c BK 
945 |d 20080509 00:00:00  |a rbrito 
260 |a Santiago  |b Ministerio de Agricultura  |c 2006 
650 7 |a INNOVACIONES TECNOLOGICAS  |2 CL-VaPUC  |9 529321 
650 7 |a DESARROLLO AGRICOLA  |2 CL-VaPUC  |9 259759 
650 0 |a Horticultura  |9 259721 
650 0 |a Floricultura  |9 264401 
650 0 |a Plantas medicinales  |9 334373 
650 0 |a Fruticultura  |9 259678 
583 |a last modification  |c 20160914 12:07:07  |k Rodrigo Vera 
999 |c 329924  |d 329922 
952 |0 0  |1 0  |4 0  |6 630_072400000000000_FUN_2006  |7 0  |8 A  |9 415137  |a BIBAGR  |b BIBAGR  |d 2019-11-22  |i 4436857  |o 630.0724 FUN 2006  |p 4436857  |r 2025-01-20  |w 2019-11-22  |y BK  |k AGR 
952 |0 0  |1 0  |4 0  |6 630_072400000000000_FUN_2006  |7 0  |8 A  |9 415138  |a BIBAGR  |b BIBAGR  |d 2019-11-22  |i 4635884  |o 630.0724 FUN 2006  |p 4635884  |r 2025-01-20  |w 2019-11-22  |y BK  |k AGR